000
00317nam a2200133Ia 4500
008
210312s9999||||xx |||||||||||||| ||und||
041
_a
osm
050
_a
PR4057
050
_b
B15.M419
100
_a
Ballantyne
245
0
_a
Mercan adası
260
_c
1927
650
_a
Edebiyat--İngiliz edebiyatı--Roman ve hikaye
999
_c
22180
_d
22180